| 000 | 00565nam a2200193 a 4500 | ||
|---|---|---|---|
| 005 | 20220904191755.0 | ||
| 008 | 991125s1955 fr 000 0 fre u | ||
| 020 | _a2010008707 | ||
| 035 | _aUPN01000006631 | ||
| 049 | _aCG | ||
| 050 | 4 |
_aPQ2258 A5 _bG3.2 |
|
| 100 | 1 |
_aGautier, Teófilo, _d1811-1872 |
|
| 245 | 1 | 3 |
_aLe capitaine fracasse / _cThéophile Gautier ; il. de Jean Reschofsky. |
| 260 |
_aParís : _bHachette, _c1955. |
||
| 300 |
_a254 p. : _bil. col. |
||
| 440 | 0 | _aBibliotheque verte | |
| 650 | 0 |
_aLiteratura francesa _ySiglo XIX _912797 |
|
| 905 | _aLibro | ||
| 999 |
_c6631 _d6631 |
||